| 000 | 01263njm a22002897a 4500 | ||
|---|---|---|---|
| 005 | 20100907121214.0 | ||
| 007 | sd ammalaaahaa | ||
| 008 | 100830t xxu||||| |||| 00| 0 eng d | ||
| 028 |
_aN.74603 _bHis Master's Voice |
||
| 035 | _aGR-01108 | ||
| 040 |
_aSED _cSED |
||
| 100 |
_aMangeshkar, Lata _918698 |
||
| 245 |
_aGrahasti / _csung by Lata Mangeshkar ,Asha Bhosle [and] Usha Mangeshkar Music dtn by Ravi ; Lyric by Shakeel Badayuni _h[sound recording]: |
||
| 246 | _aग्रहस्ती / | ||
| 260 |
_aDum Dum, India: _bHis Master 's Voice _c1963 |
||
| 300 |
_a1 sound disc [GramphoneRecording]: _banalog,33.1/3 rpm _c9.5 in.(MP) _fGramphones Records |
||
| 500 | _aBrief Record | ||
| 505 | _aSide1 खिले हैं सखी आज(Khile hain sakhi aaaj)( Lata Mangeshkar ,Asha Bhosle [and] Usha Mangeshkar) Side 2 ज़रा देख सनम ( Zara dekh sanam) (Lata Mangeshkar). | ||
| 650 |
_xExperts _zIndia _917446 _aMotion picture music |
||
| 700 |
_aMangeshkar,Usha _918779 |
||
| 700 |
_aBadayuni,Shakeel _918784 |
||
| 700 |
_aBhosle,Asha _918785 |
||
| 700 |
_aRavi _918786 |
||
| 700 |
_aLudhainvi,Sahir _918780 |
||
| 942 |
_2ddc _cGR |
||
| 999 |
_c44322 _d44322 |
||